[Event "ISR-ch sf TLV"]
[Site "Tel Aviv"]
[Date "2008.09.14"]
[Round "8"]
[White "Chernomordik, Pavel"]
[Black "Novik, Michael"]
[Result "1-0"]
[WhiteElo "2302"]
[BlackElo "2081"]
[PlyCount "117"]
[EventDate "2008.09.14"]
[EventType "tourn"]
[EventRounds "9"]
[EventCountry "ISR"]
[SourceTitle "EXT 2024"]
[Source "ChessBase"]
[SourceDate "2023.10.10"]
[SourceVersion "1"]
[SourceVersionDate "2023.10.10"]
[SourceQuality "1"]

1. e4 c5 2. Nc3 Nc6 3. f4 g6 4. Nf3 Bg7 5. Bb5 Nd4 6. Bd3 e6 7. e5 Nxf3+ 8. Qxf3 d5 9. exd6 Qxd6 10. Bb5+ Kf8 11. d3 Rb8 12. a4 Ne7 13. Ne4 Qc7 14. Bc4 a6 15. a5 Nc6 16. Be3 Bxb2 17. Bxc5+ Kg7 18. Bb6 Qe7 19. Ra2 Qb4+ 20. Kf2 Bd4+ 21. Bxd4+ Nxd4 22. Qe3 Nf5 23. Qa7 Bd7 24. g4 Ra8 25. Qb6 Qxb6+ 26. axb6 Ne7 27. Rb1 Bc6 28. Nc5 Nd5 29. Bxd5 Bxd5 30. c4 Bc6 31. Ke3 h5 32. g5 Rhd8 33. Nb3 Rd6 34. Na5 Rad8 35. Rd2 Rc8 36. d4 Rd7 37. Kf2 Be4 38. Re1 Bc6 39. Re5 Rcd8 40. Nxc6 bxc6 41. Ke3 Rb7 42. c5 Kf8 43. Ra2 Ra8 44. Kd3 Ke7 45. Re1 Rd7 46. Rea1 Rad8 47. Ra4 Rd5 48. Ke3 f6 49. gxf6+ Kxf6 50. Rb4 Ra8 51. b7 Rb8 52. Rxa6 Rd7 53. Rxc6 Rdxb7 54. Rcb6 Rxb6 55. cxb6 Ke7 56. b7 Kd6 57. Ke4 Ke7 58. Ke5 Kd7 59. Kf6 1-0